000 00728nam a2200253Ia 4500
008 160418s9999 xx 000 0 und d
020 _a978-971-27-2372-8
050 _aFIL DS 675.8
050 _b.R5D85 2010
100 _aDuka, Cecilio D.
245 _aRizal :
245 _bhis legacy to Philippine society /
245 _cCecilio D. Duka, Rowena A. Pila.
260 _aPasig City:
260 _bAnvil Pub. Inc.,
260 _c2010
300 _a158 pages :
300 _billustrations ;
300 _c26 cm.
500 _aIncludes bibliographical references.
650 _aHeroes -- Philippines -- Biography.
650 _aRizal, Jose, 1861-1896.
650 _xNationalists -- Philippines -- Biography.
999 _c293639
_d293639